| 000 | 01197nam a2200265Ia 4500 | ||
|---|---|---|---|
| 003 | OSt | ||
| 005 | 20221005105759.0 | ||
| 006 | a|||||r|||| 00| 0 | ||
| 007 | ta | ||
| 008 | 221004b |||||||| |||| 00| 0 hin d | ||
| 020 |
_a9788173093395 (pbk) _c275 |
||
| 024 | _a11022 | ||
| 037 |
_b1155, 21/03/2014, Anamika Publishers & Distributors Pvt. Ltd. _cTextual |
||
| 040 |
_aCRL _cCRL _bhin |
||
| 041 |
_2hin _ahin |
||
| 082 | _aV2y7M89, 152Q0;Q3 | ||
| 100 | _aनेहरू, जवाहरलाल | ||
| 245 | 0 |
_aहिन्दुस्तान की कहानी _b द डिस्कवरी ऑफ इण्डिया का हिन्दी अनुवाद |
|
| 246 | _aHindustān kī kahānī: d ḍiskavarī ऑf iṇḍiyā kā hindī anuvāda | ||
| 260 |
_aनई दिल्ली _bसस्ता साहित्य मण्डल प्रकाशन भारत _c2013 |
||
| 300 |
_a660पृ0 _ccm. |
||
| 650 | _aविश्व-इतिहास | ||
| 942 |
_hV2y7M89, 152Q0;Q3 _cTEXL _2cc |
||
| 999 |
_c1016882 _d1016882 |
||